Language Quiz

Random Language or French Quiz
Score 0/41 Timer 10:00
0 Plays Today
English French % Correct
I workje travaille
94.1%
some sweetsdes bonbons
58.8%
I earnje gagne
52.9%
a supermarketun supermarché
47.1%
the peopleles gens
47.1%
tiringfatigant
47.1%
I helpedj'aidais
47.1%
I workedje travaillais
47.1%
dirtysale
41.2%
I didje faisais
41.2%
I do babysittingJe fais du baby-sitting
35.3%
I learnt J'ai appris
35.3%
I tookje prenais
35.3%
I servedje servais
35.3%
some make-updu maquillage
29.4%
the salaryle salaire
29.4%
I sentj'envoyais
29.4%
It wasc'était
29.4%
I make coffeeJe fais le café
23.5%
I buyj'achète
23.5%
the hours of workles heures du travail
23.5%
English French % Correct
I answeredje répondais
23.5%
a leisure centreun centre de loisirs
17.6%
monotonousmonotone
17.6%
a fast-food restaurantun fast-food
11.8%
stressstressant
11.8%
a hairdresser'sun salon de coiffeur
5.9%
I deliver newspapersJe livre des journaux
5.9%
I work on the tillJe travaille à la caisse
5.9%
I do deliveriesJe fais des livraisons
5.9%
I serve the customersJe sers les clients
5.9%
I tidy the equipmentJe range l'équipement
5.9%
I'm saving upj'économise
5.9%
some video gamesdes jeux-vidéos
5.9%
the bossle patron
5.9%
strictsévère
5.9%
I fill the shelvesJe rempis les rayons
0%
I put money asideje mets de l'argent de côté
0%
rewardinggratifiant
0%
I tidiedje rangeais
0%
I feltje me sentais
0%
Remove Ads.
Support Sporcle.
Get the best of Sporcle when you Go Orange. This ad-free experience offers more features, more stats, and more fun while also helping to support Sporcle. Thank you for becoming a member.

You're not logged in!

Compare scores with friends on all Sporcle quizzes.
OR
Log In

Show Comments

Extras

Created Jul 22, 2012ReportNominate
Tags:French Quiz, English, Expo, gcse, mod

Top Quizzes Today


Score Distribution

Your Account Isn't Verified!

In order to create a playlist on Sporcle, you need to verify the email address you used during registration. Go to your Sporcle Settings to finish the process.

Report this User

Report this user for behavior that violates our Community Guidelines.

Details: